Online
Catalog

Brevísima cronología de La Concepción / (Record no. 21332)

MARC details
000 -CABECERA
campo de control de longitud fija 00639nam a2200193 a 4500
001 - NÚMERO DE CONTROL
campo de control 000021834
005 - FECHA Y HORA DE LA ÚLTIMA TRANSACCIÓN
campo de control 20200930011452.0
008 - DATOS DE LONGITUD FIJA--INFORMACIÓN GENERAL
campo de control de longitud fija 100913s1988 dr ab 000 0 spa d
040 ## - FUENTE DE LA CATALOGACIÓN
Centro catalogador/agencia de origen DO-SdBNP
Lengua de catalogación spa
Centro/agencia transcriptor BNPHU
082 ## - NÚMERO DE LA CLASIFICACIÓN DECIMAL DEWEY
Número de clasificación xxx
Número de documento/Ítem T693b
049 ## - FONDOS LOCALES (OCLC)
Fondos de biblioteca BNPD
100 1# - ENTRADA PRINCIPAL--NOMBRE DE PERSONA
Nombre de persona Torres Petiton, Francisco
9 (RLIN) 37859
245 10 - MENCIÓN DE TÍTULO
Título Brevísima cronología de La Concepción /
Mención de responsabilidad, etc. Francisco Torres Petiton.
260 ## - PUBLICACIÓN, DISTRIBUCIÓN, ETC.
Lugar de publicación, distribución, etc. La Vega :
Nombre del editor, distribuidor, etc. Enriquillo,
Fecha de publicación, distribución, etc. 1988.
300 ## - DESCRIPCIÓN FÍSICA
Extensión 35 p. :
Otras características físicas il. ; map. ;
Dimensiones 21 cm.
490 1# - MENCIÓN DE SERIE
Mención de serie Vega vieja
Designación de volumen o secuencia 1
500 ## - NOTA GENERAL
Nota general comisión para la puesta en valor del sitio histórico de la concepción de la Vega.
830 #0 - PUNTO DE ACCESO ADICIONAL DE SERIE-TÍTULO UNIFORME
Título uniforme Vega vieja
Número de parte o sección de la obra 1
9 (RLIN) 45342
Holdings
Estado de retiro Estado de pérdida Restricciones de uso No para préstamo Código de colección Localización permanente Ubicación/localización actual Ubicación en estantería Fecha de adquisición Número de inventario Total de préstamos Signatura topográfica completa Código de barras Fecha visto por última vez Número de copia Precio válido a partir de Tipo de ítem Koha
        Dominicana de Servicio General General En catalogación 13.09.2010 LF1   xxx T693b 21834-30 25.06.2020 e. 3 25.06.2020 Libro y Folleto Colección Dominicana de Servicio
  Extraviado     Dominicana de Servicio General General Extraviado 28.04.2011 LF1   xxx T693b 21834-40 25.06.2020 e. 4 25.06.2020 Libro y Folleto Colección Dominicana de Servicio
      Excluido de préstamo Patrimonio Dominicano Patrimonio Dominicano Patrimonio Dominicano Depósito 13.09.2010 LF1   xxx T693b 21834-10 25.06.2020   25.06.2020 Libro y Folleto Colección Patrimonio Dominicano
      Excluido de préstamo Patrimonio Dominicano Patrimonio Dominicano Patrimonio Dominicano En catalogación 13.09.2010 LF1   xxx T693b 21834-20 25.06.2020 e. 2 25.06.2020 Libro y Folleto Colección Patrimonio Dominicano

Powered by Koha